000 00727nam a2200181Ia 4500
008 151202s9999||||xx |||||||||||||| ||und||
082 _bPNVM-84848
100 _aडॉ. बोरसे सदानंद.
245 _aरोश विरूध्द स्टॅनले अ‍ॅडॅम्स.
260 _bराजहंस प्रकाशन.
260 _c2015
300 _a142
600 _aडॉ. बोरसे सदानंद.
630 _aरोश विरूध्द स्टॅनले अ‍ॅडॅम्स.
700 _aडॉ. बोरसे सदानंद.
730 _aरोश विरूध्द स्टॅनले अ‍ॅडॅम्स.
942 _cBOOK
999 _c1349700
_d1349697